| 000 | 00797cam a2200169 a 4500 | ||
|---|---|---|---|
| 005 | 20250901165324.0 | ||
| 008 | 951027s1995 nyua b 100 0 eng | ||
| 010 | _a 95047468 | ||
| 020 | _a0379213559 (alk. paper) | ||
| 050 | 0 | 0 |
_aHG5702 .I583 1995 _b.I583 1995 |
| 082 | 0 | 0 |
_a332.6/73/095 _220 |
| 245 | 0 | 0 |
_aInvestment issues in Asia and the Pacific rim / _cedited by Carl J. Green and Thomas L. Brewer. |
| 260 |
_aNew York : _bOceana Publications, _cc1995. |
||
| 300 |
_axiii, 278 p. : _bill. ; _c26 cm. |
||
| 500 | _a"The product of a four-day symposium on 'An investment regime for APEC' held at Georgetown University in Washington, D.C., October 31-November 3, 1994, under the sponsorhip of the Program in Asian Law and Policy (ALPS) of Georgetown University Law Center"--Pref. | ||
| 942 | _2ddc | ||
| 999 |
_c2142 _d2142 |
||